banner-ar

نظم الاعلام المقارنة / (Record no. 47721)

MARC details
000 -الفاتح
حقل البيانات ثابتة الطول 00937nam a2200241Ia 4500
005 - وقت وتاريخ اخر تعامل مع التسجيلة
رقم الضبط 20240530104437.0
008 - عناصر البيانات ثابتة الطول - معلومات عامة
حقل البيانات ثابتة الطول 140319s9999 xx 000 0 ara d
040 ## - مصدر الفهرسة
وكالة الفهرسة الأصلية GCL /
وكالة النسخ GCL
082 04 - رقم تصنيف ديوى العشرى
رقم التصنيف 001.5/
رقم المادة م ن
100 1# - المدخل الرئيسى - إسم شخصى
الإسم الشخصى مارتن، ل. جون
245 10 - بيان العنوان
العنوان نظم الاعلام المقارنة /
بيان المسئوليه,etc تاليف ل. جون مارتن، انجو جروفر شودرى ؛ ترجمة على درويش ؛ مراجعة محمد محمود رضوان
300 ## - الوصف المادى
التعداد 468 ص
490 ## - بيان السلسلة
عنوان السلسلة الهيئة العامة للاستعلامات
رقم المجلد/ التعيين التسلسلي 0
650 04 - المدخل الاضافى بالموضوع-مصطلح موضوعى
مصطلح موضوعي وسائل الاعلام
650 04 - المدخل الاضافى بالموضوع-مصطلح موضوعى
مصطلح موضوعي الاعلام الدولى
650 04 - المدخل الاضافى بالموضوع-مصطلح موضوعى
مصطلح موضوعي الاعلام - العالم الثالث
650 04 - المدخل الاضافى بالموضوع-مصطلح موضوعى
مصطلح موضوعي الاعلام - اوربا
700 1# - المدخل الاضافى - اسم شخصى
الإسم الشخصى على درويش
الدور مترجم
700 1# - المدخل الاضافى - اسم شخصى
الإسم الشخصى محمد محمود رضوان
الدور مراجع
700 1# - المدخل الاضافى - اسم شخصى
الإسم الشخصى شودرى، انجو جروفر
الدور مؤلف مشارك
942 ## - عناصر المدخل الإضافي( كوها)
مصدر التصنيف او مخطط الترفيف Dewey Decimal Classification
Koha [default] item type كتاب
Holdings
حالة التراجع حالة الفقد حالة تلف ليس للاعارة المكان المؤقت الموقع الحالى تاريخ الاكتساب اجمالي اﻻعارات رقم الطلب الباركود تاريخ اخر مشاهدة تاريخ تفعيل السعر نوع وعاء كوها
        مكتبة القاهرة الكبرى مكتبة القاهرة الكبرى 03/26/2014   001.5\م ن 115080 03/26/2014 03/26/2014 كتاب
        مكتبة القاهرة الكبرى مكتبة القاهرة الكبرى 03/26/2014   001.5\م ن 115081 03/26/2014 03/26/2014 كتاب
        مكتبة القاهرة الكبرى مكتبة القاهرة الكبرى 03/26/2014   001.5\م ن 115082 03/26/2014 03/26/2014 كتاب

Powered By

EGPV